000
00218nam a22000857a 4500
008
161128b xxu||||| |||| 00| 0 eng d
100
_9
1513
_a
Mohindroo.K.K.
245
_a
Physics Practical-XII
260
_a
New Delhi
_b
PPC
_c
2011
999
_c
4242
_d
4242